Detalles MARC
| 000 -CABECERA |
| campo de control de longitud fija |
01570nam a2200289 i 4500 |
| 001 - NÚMERO DE CONTROL |
| campo de control |
15747 |
| 003 - IDENTIFICADOR DEL NÚMERO DE CONTROL |
| campo de control |
DO-SdUEMH |
| 005 - FECHA Y HORA DE LA ÚLTIMA TRANSACCIÓN |
| campo de control |
20260130174201.0 |
| 007 - CAMPO FIJO DE DESCRIPCIÓN FÍSICA--INFORMACIÓN GENERAL |
| campo de control de longitud fija |
ta |
| 008 - DATOS DE LONGITUD FIJA--INFORMACIÓN GENERAL |
| campo de control de longitud fija |
211105s2006||||dr |||gr|||| 0|| | spa d |
| 040 ## - FUENTE DE LA CATALOGACIÓN |
| Centro catalogador/agencia de origen |
DO-SdUEMH |
| Lengua de catalogación |
spa |
| Normas de descripción |
rda |
| 041 ## - CÓDIGO DE LENGUA |
| Código de lengua del texto/banda sonora o título independiente |
spa |
| 082 14 - NÚMERO DE LA CLASIFICACIÓN DECIMAL DEWEY |
| Número de clasificación |
RD 346.03 H557D 2006 |
| Colección |
Colección Dominicana |
| Número de documento/Ítem |
H557 |
| 084 ## - OTRO NÚMERO DE CLASIFICACIÓN |
| Item number |
08-00127 |
| 100 #1 - ENTRADA PRINCIPAL--NOMBRE DE PERSONA |
| Nombre de persona |
Hernández, Gloria María |
| Término indicativo de función/relación |
autora |
| 245 #0 - MENCIÓN DE TÍTULO |
| Título |
Derecho de la Responsabilidad / |
| Mención de responsabilidad, etc. |
Gloria María Hernández |
| 260 ## - PUBLICACIÓN, DISTRIBUCIÓN, ETC. |
| Date of publication, distribution, etc. |
2006 |
| 264 #1 - PRODUCCIÓN, PUBLICACIÓN, DISTRIBUCIÓN, FABRICACIÓN Y COPYRIGHT |
| Lugar de producción, publicación, distribución, fabricación |
Santo Domingo, República Dominicana : |
| Nombre del de productor, editor, distribuidor, fabricante |
Centenario, |
| Fecha de producción, publicación, distribución, fabricación o copyright |
2006 |
| 264 #4 - PRODUCCIÓN, PUBLICACIÓN, DISTRIBUCIÓN, FABRICACIÓN Y COPYRIGHT |
| Fecha de producción, publicación, distribución, fabricación o copyright |
©2006 |
| 300 ## - DESCRIPCIÓN FÍSICA |
| Extensión |
482 páginas : |
| Dimensiones |
25 cm. |
| 336 ## - TIPO DE CONTENIDO |
| Fuente |
rdacontent |
| Término de tipo de contenido |
texto |
| Código de tipo de contenido |
txt |
| 337 ## - TIPO DE MEDIO |
| Fuente |
rdamedia |
| Nombre del tipo de medio |
sin mediación |
| Código del tipo de medio |
n |
| 338 ## - TIPO DE SOPORTE |
| Fuente |
rdacarrier |
| Nombre del tipo de soporte |
volumen |
| Código del tipo de soporte |
nc |
| 505 #2 - NOTA DE CONTENIDO CON FORMATO |
| Nota de contenido con formato |
Parte I: Principios Generales de la Responsabilidad -- Título I: Derecho de la Responsabilidad -- Parte II: Responsabilidad por el Hecho Propio -- Título I: Responsabilidad Delictual -- Título II: Casos Específicos de Responsabilidad -- Título III: Responsabilidad Contractual -- Parte III: Responsabilidad por Otro -- Título I: Responsabilidad Delictual -- Título II: Responsabilidad Contractual por Otro -- Parte IV: Regímenes Especiales de Indemnización -- Título I: La Responsabilidad en la Seguridad Social -- Título II: La Responsabilidad en Materia Laboral -- Título III: La Responsabilidad Objetiva -- Parte V: Convenciones de responsabilidad -- Parte VI: Causas de exoneración de responsabilidad -- Parte VII: La acción en justicia -- Parte VIII: La reparación. |
| 942 ## - ELEMENTOS DE PUNTO DE ACCESO ADICIONAL (KOHA) |
| Fuente del sistema de clasificación o colocación |
Dewey Decimal Classification |
| Tipo de ítem Koha |
Libro |
| Suprimir en OPAC |
No |